डायमंड्स आर फॉरएव्हर / (Record no. 18112)

MARC details
000 -LEADER
fixed length control field 01331nam a22002657a 4500
005 - DATE AND TIME OF LATEST TRANSACTION
control field 20140508155357.0
008 - FIXED-LENGTH DATA ELEMENTS--GENERAL INFORMATION
fixed length control field 081021t xxu||||| |||| 00| 0mar d
010 ## - LCCN (DPL NO)
LC control number MAR-19920
020 ## - INTERNATIONAL STANDARD BOOK NUMBER
Terms of availability 150.00
International Standard Book Number 9788177668834
035 ## - SYSTEM CONTROL NUMBER
System control number MR-12578
037 ## - SOURCE OF ACQUISITION
Source of stock number/acquisition DBAD / PUB
040 ## - CATALOGING SOURCE
Original cataloging agency DPL
Language of cataloging MR
082 ## - DEWEY DECIMAL CLASSIFICATION NUMBER
Classification number 823
100 ## - MAIN ENTRY--PERSONAL NAME
Personal name फ्लेमिंग, इयान
245 ## - TITLE STATEMENT
Title डायमंड्स आर फॉरएव्हर /
Statement of responsibility, etc इयान फ्लोमिंग तथा अशोक पाथरकर द्वारा अनुदित
246 ## - VARYING FORM OF TITLE
Title proper/short title Diamonds are Forever
Remainder of title by Ian Fleming
260 ## - PUBLICATION, DISTRIBUTION, ETC. (IMPRINT)
Place of publication, distribution, etc पुणे
Name of publisher, distributor, etc मेहता पब्लिशिंग हाऊस
Date of publication, distribution, etc 2008
270 ## - ADDRESS
Address 1941, सदाशिव पेठ,माडीवाले कॉलनी,
City पुणे
Postal code 30
Telephone number 020-24476924
300 ## - PHYSICAL DESCRIPTION
Extent 192 पृ
Other physical details
Dimensions 22सेमी (अजिल्द)
490 ## - SERIES STATEMENT
Series statement जेम्स बॉड 007
650 ## - SUBJECT ADDED ENTRY--TOPICAL TERM
Topical term or geographic name as entry element अंग्रेजी कादंबरी-मराठी में अनुवादित
Form subdivision जासुसी तथा रहस्यमय कथा
650 ## - SUBJECT ADDED ENTRY--TOPICAL TERM
Topical term or geographic name as entry element English Fiction -Translation in to Marathi
Form subdivision Detective and mystries Story
700 ## - ADDED ENTRY--PERSONAL NAME
Personal name पाथरकर, अशोक
942 ## - ADDED ENTRY ELEMENTS (KOHA)
Source of classification or shelving scheme Dewey Decimal Classification
Item type Marathi Books
Classification part 823
Call number suffix फ्लेमिंग
Holdings
Withdrawn status Lost status Source of classification or shelving scheme Damaged status Not for loan Collection code Home library Current library Date acquired Source of acquisition Cost, normal purchase price Total Checkouts Full call number Barcode Date last seen Copy number Cost, replacement price Koha item type
    Dewey Decimal Classification   Not For Loan Fiction D.B.Act.Division D.B.Act.Division 06/11/2008 DBAD / PUB 150.00   823 फ्लेमिंग MR-12578 06/11/2008 1 150.00 Marathi Books

© Delhi Public Library
Hit Counter
free hit counter